01912 2200421 4500001002100000005001500021035002000036007000300056008004100059020002200100040002200122082001600144084001800160090002200178090002200200100004300222245033300265300005200598650003000650700004600680700007800726700009600804700006100900700006600961700006501027700006401092700006401156700004901220700002801269850001201297264003401309336002101343337003001364338002301394999002201417710002901439990002201468INLIS00000000085817920210405091115 a0010-0421000084ta210316s2020 yoia g j ind d a978-623-93190-3-8 aYOPDYOGbinderda04223a808.301 a808.301 DEV f aDEP 808.301 DEV f aCB-D.11 2020-17450 aDevina KwanepenulistFrekuensi rendah10aFrekuensi rendah /cpenulis, Devina Kwan, Dwi Purwaningsih, Ignatius Raditya Adi Nugroho Tanu, Iis Chintya, Gabrita Maghfira M., Jasmine Nurah Vienai Winar, Lindung Ratwiawan, Sekar Purnama, Mutiara Permatahati Subekti, Nindya Mawaddah, Syafira Ratu Fasha, Belva Anandya Inazya; ilustrator, Kasih Arami; penyunting, Tim Penerbit aviii, 104 halaman :bilustrasi, gambar ;c18 cm 4aCerita pendek--xKumpulan0 aDwi PurwaningsihepenulistLensa monokrom0 aIgnatius Raditya Adi Nugroho Tanu,d2004-epenulistDunia dalam 5 mentari0 aGabrita Maghfira M.,d2006-epenulisqGabrita Maghfira MaharanitApakah ini keadilan dunia?0 aJasmine Nurah Vienai WinarepenulistCatatan untuk dunia0 aLindung RatwiawanepenulistSebelum malam merebut warna senja0 aSekar PurnamaepenulisqDyah Sekar Purnama RatritHipoksemia0 aMutiara Permatahati Subekti,d1995-epenulistGolongan atas0 aNindya Mawaddah,d1999-epenulistKanvas yang bernama dunia0 aSyafira Ratu FashaepenulistSebut saja puan0 aKasih Aramieilustrator aYOPDYOG31aYogyakarta :bPenerbit,c2020 2rdacontentateks 2rdamediaatanpa perantara 2rdacarrieravolume aCB-D.11/2020-17452 aTim Penerbitepenyunting aCB-D.11/2020-1745